| 000 | 00981 a2200217 4500 | ||
|---|---|---|---|
| 999 |
_c8728 _d8728 |
||
| 020 | _a9780409047073 | ||
| 050 | 0 | 0 | _aHV8688VAN2007 |
| 100 | 1 | _aVan Zyl, Lesbury. | |
| 245 | 1 | 0 |
_aHandbook of the South African law of maintenance : _bincluding the Maintenance Act 99 of 1998, the regulations, a summary of cases in point, the Reciprocal Enforcement of Maintenance Orders Act and policy directives of the Department of Justice / _cLesbury van Zyl. |
| 250 | _a3rd ed. | ||
| 264 |
_aCape Town: _bLexisNexis, _c2007 |
||
| 300 |
_avii, 273 p. : _bforms ; |
||
| 500 | _aincludes index | ||
| 504 | _aIncludes bibliographical references (p. 251-252) and index. | ||
| 650 | 0 | _aSupport (Domestic relations) | |
| 650 | 0 | _aConflict of laws | |
| 710 | 1 |
_aSouth Africa. _tMaintenance Act, 1998. |
|
| 710 | 1 |
_aSouth Africa. _tReciprocal Enforcement of Maintenance Orders Act, 1963. |
|
| 942 |
_2lcc _cBK _h8688 _iVAN _kHV |
||